| 000 -CABECERA |
| Longitud fija campo de control |
00995nam a22002417a 4500 |
| 003 - IDENTIFICADOR DEL NÚMERO DE CONTROL |
| Identificador del número de control |
OSt |
| 005 - FECHA Y HORA DE LA ÚLTIMA TRANSACCIÓN |
| Fecha y hora de la última transacción |
20151103110602.0 |
| 008 - CÓDIGOS DE INFORMACIÓN DE LONGITUD FIJA |
| Códigos de información de longitud fija |
130715s2012 sp ||||| |||| 00| 0 cat d |
| 040 ## - FUENTE DE LA CATALOGACIÓN |
| Centro transcriptor |
CDMR |
| 100 1# - PUNTO DE ACCESO PRINCIPAL-NOMBRE DE PERSONA |
| 9 (RLIN) |
3304 |
| Nombre de persona |
Teixidor i Colomer, Anna |
| 245 10 - MENCIÓN DE TÍTULO |
| Título |
Josep Puig Pujades (1883-1949) |
| Resto del título |
: cultura, periodisme i pensament polític en el catalanisme republicà |
| Mención de responsabilidad, etc. |
Anna Teixidor i Colomer ; director Jaume Guillamet |
| Medio |
[recurs electrònic] |
| 260 ## - PUBLICACIÓN, DISTRIBUCIÓN, ETC. (PIE DE IMPRENTA) |
| Fecha de publicación, distribución, etc. |
2013 |
| Lugar de publicación, distribución, etc. |
Barcelona |
| 300 ## - DESCRIPCIÓN FÍSICA |
| Extensión |
1135 p. |
| 502 ## - NOTA DE TESIS |
| Nota de tesis |
Tesi doctoral defensada el 14 de març de 2013 |
| Nombre de la institución que otorga el tí,tulo |
Universitat Pompeu Fabra. Departament de Comunicació |
| 600 1# - PUNTO DE ACCESO ADICIONAL DE MATERIA - NOMBRE DE PERSONA |
| 9 (RLIN) |
3932 |
| Nombre de persona |
Puig Pujades, Josep |
| Fechas asociadas al nombre |
1883-1949 |
| 650 04 - PUNTO DE ACCESO ADICIONAL DE MATERIA - TÉRMINO DE MATERIA |
| 9 (RLIN) |
3139 |
| Término de materia o nombre geográfico como elemento inicial |
Periodistes catalans |
| Subdivisión de forma |
Biografia |
| 650 04 - PUNTO DE ACCESO ADICIONAL DE MATERIA - TÉRMINO DE MATERIA |
| 9 (RLIN) |
3379 |
| Término de materia o nombre geográfico como elemento inicial |
Nacionalisme |
| Subdivisión geográfica |
Catalunya |
| Subdivisión cronológica |
S. XX |
| 650 04 - PUNTO DE ACCESO ADICIONAL DE MATERIA - TÉRMINO DE MATERIA |
| 9 (RLIN) |
2994 |
| Término de materia o nombre geográfico como elemento inicial |
Tesis i dissertacions acadèmiques |
| 700 1# - PUNTO DE ACCESO ADICIONAL - NOMBRE DE PERSONA |
| 9 (RLIN) |
417 |
| Nombre de persona |
Guillamet, Jaume |
| 710 2# - PUNTO DE ACCESO ADICIONAL - NOMBRE DE ENTIDAD |
| 9 (RLIN) |
619 |
| Nombre de entidad o nombre de jurisdicción como elemento inicial |
Universitat Pompeu Fabra |
| 856 40 - LOCALIZACIÓN Y ACCESO ELECTRÓNICO |
| Identificador Uniforme del Recurso (URI) |
<a href="http://hdl.handle.net/10803/108719">http://hdl.handle.net/10803/108719</a> |
| Texto del enlace |
Disponible en línia (TDX) |
| 942 ## - ENTRADA DE ELEMENTOS AGREGADOS (KOHA) |
| Fuente de clasificaión o esquema |
|
| Koha [por defecto] tipo de item |
Tesines en línia |